Pequeño Larousse técnico

Bibliographic Details
Main Author: Galiana Mingot, Tomás de
Format: Section = Libro
Language:Undetermined
Spanish
Published: México Larousse 1975
Subjects:
LEADER 00488nam a2200181Ia 4500
008 240829s9999 xx 000 0 und d
040 |a BIBLIOTECA-RUPAP Ref 463 G156 
041 |a spa 
082 |a Ref 463 G156 
100 1 |a Galiana Mingot, Tomás de 
245 1 0 |a Pequeño Larousse técnico 
260 |a México  |b Larousse  |c 1975 
300 |a 1056 p. :il. 
650 7 |a ESPAÑOL-DICCIONARIO 
650 7 |b  TECNOLOGIA-DICCIONARIO. I. Tít. 
942 |c BK  |2 ddc 
991 |a TEXTO 
999 |c 9310